Welcome to the Holygrace Academy Library

Please use search bar below to get started

ANIMALARK (Record no. 1775)

MARC details
000 -LEADER
fixed length control field 00386nam a22001577a 4500
020 ## - INTERNATIONAL STANDARD BOOK NUMBER
ISBN 978-0-340-64088-3
082 ## - DEWEY DECIMAL CLASSIFICATION NUMBER
Classification number 823
Item number DAN/C
100 ## - MAIN ENTRY--AUTHOR NAME
Personal name DANIELS , LUCY
245 ## - TITLE STATEMENT
Title ANIMALARK
Remainder of title CALF IN THE COTTAGE
246 ## - VARYING FORM OF TITLE
Title proper/short title ANIMAL ARK
Remainder of title CALF IN THE COTTAGE
260 ## - PUBLICATION, DISTRIBUTION, ETC. (IMPRINT)
Place of publication NEW DELHI
Name of publisher HODDER HEADLINE LIMITED
300 ## - PHYSICAL DESCRIPTION
Number of Pages 517
520 ## - SUMMARY, ETC.
Summary, etc SHORT STORY
650 ## - SUBJECT ADDED ENTRY--TOPICAL TERM
Topical Term SHORT STORY
942 ## - ADDED ENTRY ELEMENTS (KOHA)
Koha item type Books
Holdings
Withdrawn status Lost status Collection code Home library Current library Shelving location Date acquired Source of acquisition Cost, normal purchase price Full call number Accession Number Koha item type
    Fiction Main Library Main Library SHELF 4-B ANIMAL ARK 25/10/2019 Purchase 30.00 823 DAN/C 11753 Books
    Fiction Main Library Main Library SHELF 4-B ANIMAL ARK 14/03/2014 Purchase 413.00 823 DAN/C 07932 Books
    Fiction Main Library Main Library SHELF 4-B ANIMAL ARK 10/10/2006 Purchase 517.00 823 DAN/C 00123 Books
    Fiction Main Library Main Library SHELF 4-B ANIMAL ARK 14/09/2023 Purchase   823 DAN/C 11750 Books
    Fiction Main Library Main Library SHELF 4-B ANIMAL ARK 25/10/2019 Purchase 413.00 823 DAN/C 11749 Books
    Fiction Main Library Main Library SHELF 4-B ANIMAL ARK 28/01/2019 Purchase 413.00 823 DAN/C 10725 Books
    Fiction Main Library Main Library SHELF 4-B ANIMAL ARK 14/03/2014 Purchase 517.00 823 DAN/C 07931 Books
    Fiction Main Library Main Library SHELF 4-B ANIMAL ARK 04/10/2012 Purchase 413.00 823 DAN/C 00130 Books
    Fiction Main Library Main Library SHELF 4-B ANIMAL ARK 25/10/2019 Purchase   823 DAN/C 11754 Books
    Fiction Main Library Main Library SHELF 4-B ANIMAL ARK 17/07/2019 Purchase 412.00 823 DAN/C 11260 Books
    Fiction Main Library Main Library SHELF 4-B ANIMAL ARK 25/03/2014 Purchase 410.00 823 DAN/C 08252 Books